000 00372nam a2200145Ia 4500
008 230917s9999||||xx |||||||||||||| ||und||
040 _e106036
_aMAIN
041 _aEnglish
082 _a570 K459K
100 _aSchoelkopf, Bernhard, ed.
245 0 _aKernel methods in computational biology
260 _aNew Delhi
_bAne Books
_c2005
300 _a400 p.
942 _cBK
999 _c121410
_d121410